02592cam a22003375a 4500001001400000003000400014005001700018008004100035020001800076020001500094040012000109082001900229100002700248245009700275260004300372300003500415500002400450504004100474505063300515506006201148520061101210650002701821650003301848651001001881653002501891700003101916942000801947999001701955952014101972952014102113ssj0001213488OSt20201128023638.0150225t2014 njua frb 001 0 eng d a9780470641811 a0470641819 aUKMGBbengcUKMGBdOCLCOdCDXdYBMdYDXCPdGO3dGULdOCLCFdVP@dOCLCQdMNEdVLRdTOHdCHVBKdDLCdWaSeSSdEG-ScBUE04222a330.0bNAR1 aNaroff, Joel L.93941310aBig picture economics :bhow to navigate the new global economy /cJoel Naroff, Ron Scherer. aHoboken :bJohn Wiley & Sons,cc.2014. axvii, 234 p. :bill. ;c24 cm. aIndex : p. 229-234. aIncludes bibliographical references.0 aIntroduction to the economics of context -- The Federal Reserve, Congress, and the use of context in economic policy -- We are all economists and don't know it -- How a perfect world would work -- Shopper nation: why we buy or don't buy -- How is a can of tuna like a smartphone? Yes, context! -- When to spend, when to cut, and when to scratch your head over the federal budget -- Tax policy: does cutting taxes cure all ills? -- Monetary policy: money, or maybe the Federal Reserve, makes the world go 'round -- The Panama Canal widens and the middle class grows in China -- How does that affect Indiana? -- What do we do now? aAvailable on campus and off campus with authorized login. a"The world is awash with economic information. Governments release reports. Pundits give their interpretation on television. And the stock market may go its own way, confusing everyone. How can you better understand what it means for you? The authors show how consumers, business, the Federal Reserve, and government take into account what's going on around them to make critical decisions like buying new products, building new factories, changing interest rates, or setting budget goals. The book provides a clear roadmap to understanding the whole story behind the global economy."--Publisher's website. 7aEconomics.2BUEsh9720 0aEconomic forecasting.2BUEsh 2BUEsh bBUSECOcFebruary20161 aScherer, Ronc(Journalist) 2ddc c21212d21184 00102ddc40708AcademicaMAINbMAINc1STd2016-02-22ePurchaseg280.00h4864l0o330.0 NARp000031642r2025-07-15 00:00:00v350.00yBB 00102ddc40708AcademicaMAINbMAINc1STd2016-02-22ePurchaseg280.00h4864l0o330.0 NARp000031643r2025-07-15 00:00:00v350.00yBB